| 000 | 00352nam a2200109Ia 4500 | ||
|---|---|---|---|
| 008 | 200302s9999 xx 000 0 und d | ||
| 100 | _aSteven R.Winkil and Others | ||
| 245 | _aResidential Building Codes Illustrated A Guide to Understanding the 2009 International Residential Code | ||
| 260 | _bJohn- Wiley & Sons, Inc., | ||
| 260 | _c2010 | ||
| 300 | _a341 | ||
| 999 |
_c3732 _d3732 |
||